| 000 | 00634nam a2200181 i 4500 | ||
|---|---|---|---|
| 001 | 167029 | ||
| 003 | ES-MaACL | ||
| 005 | 20230906213438.0 | ||
| 008 | 050923s1886 fr | |||||||| ||fre d | ||
| 040 |
_aCAM _bspa _cCAM |
||
| 100 | 1 |
_aVasili, Paul _ccomte ( _d1858-1941) _9133568 |
|
| 245 | 1 | 3 |
_aLa société de Berlin / _cComte Paul Vasili; augmenté de lettres inédites. |
| 250 | _a27e éd. | ||
| 260 |
_aParis : _bNouvelle Revue, _c1886 ( _fTypographie Georges Chamerot) |
||
| 300 |
_a262 p. ; _c24 cm. |
||
| 651 | 4 |
_aBerlin- _xUsos y costumbres. _9162182 |
|
| 852 |
_aES-MaACL _jG-8462 _z-- Enc. hol. conservando la cub. original |
||
| 999 |
_c167029 _d167029 |
||